000 00576nam a2200181Ia 4500
008 100920s9999 xx 000 0 und d
082 _b11381
_a891.463.1 थ 51
100 _aजोशी ह.न.
245 _aखडकांतील झरे.
260 _bढवळे केशव भिकाजी, मुंबई.
_c1951
300 _a62
_bसाधी
365 _b1.25
520 _aलघुकथा.
630 _aखडकांतील झरे.
650 _aलघुकथा.
730 _aखडकांतील झरे.
942 _cBOOK
999 _c677210
_d677207